00500nam a2200193Ia 4500008004100000020001800041050001400059100002000073245003400093245005300127260001500180260001600195260000900211300001400220300002700234300001000261440002700271500000800298170918s9999 xx 000 0 und d a9780545422352 bN971 2008 aNumeroff, Laura aIf you give a cat a cupcake / cby Laura Numeroff ; illustrated by Felicia Bond. aNew York : bScholastic, c2008 aunpaged : bcolored illustration ; c22cm. aAn if you give…book. a440